<?xml version="1.0" encoding="UTF-8"?>
<record
    xmlns:xsi="http://www.w3.org/2001/XMLSchema-instance"
    xsi:schemaLocation="http://www.loc.gov/MARC21/slim http://www.loc.gov/standards/marcxml/schema/MARC21slim.xsd"
    xmlns="http://www.loc.gov/MARC21/slim">

  <leader>00677nam a22001337a 4500</leader>
  <datafield tag="040" ind1=" " ind2=" ">
    <subfield code="c">RUA</subfield>
  </datafield>
  <datafield tag="082" ind1=" " ind2=" ">
    <subfield code="a">VEM SIE 2014 B441 Or.1</subfield>
  </datafield>
  <datafield tag="100" ind1=" " ind2=" ">
    <subfield code="a">SIENG RITHY ; &#x179F;&#x17C0;&#x1784; &#x179A;&#x17B7;&#x1791;&#x17D2;&#x1792;&#x17B8;</subfield>
  </datafield>
  <datafield tag="245" ind1=" " ind2=" ">
    <subfield code="a">Survey on haemorrhagic septicemia and foot and mouth disease of cattle at sensok , phnom penh , &#x1780;&#x17B6;&#x179A;&#x17A2;&#x1784;&#x17D2;&#x1780;&#x17C1;&#x178F;&#x179B;&#x17BE;&#x1787;&#x17C6;&#x1784;&#x17B9;&#x179F;&#x17B6;&#x1791;&#x17B9;&#x1780; &#x1793;&#x17B7;&#x1784;&#x17A2;&#x17BB;&#x178F;&#x1780;&#x17D2;&#x178A;&#x17B6;&#x1798;&#x179B;&#x17BE;&#x179F;&#x178F;&#x17D2;&#x179C;&#x1782;&#x17C4; &#x1793;&#x17C5;&#x1781;&#x178E;&#x17D2;&#x178C;&#x179F;&#x17C2;&#x1793;&#x179F;&#x17BB;&#x1781; &#x179A;&#x17B6;&#x1787;&#x1792;&#x17B6;&#x1793;&#x17B8;&#x1797;&#x17D2;&#x1793;&#x17C6;&#x1796;&#x17C1;&#x1789;</subfield>
  </datafield>
  <datafield tag="260" ind1=" " ind2=" ">
    <subfield code="a">Phnom Penh</subfield>
    <subfield code="b">RUA</subfield>
    <subfield code="c">2014 </subfield>
  </datafield>
  <datafield tag="300" ind1=" " ind2=" ">
    <subfield code="a">x ;45p.</subfield>
    <subfield code="b">ill.</subfield>
    <subfield code="c">29cm.</subfield>
  </datafield>
  <datafield tag="856" ind1=" " ind2=" ">
    <subfield code="u">https://drive.google.com/file/d/1O8IQQLbMgrkcbGoofGhdRoP09mQER9f5/view?usp=sharing</subfield>
  </datafield>
  <datafield tag="942" ind1=" " ind2=" ">
    <subfield code="c">VEM</subfield>
  </datafield>
  <datafield tag="999" ind1=" " ind2=" ">
    <subfield code="c">7207</subfield>
    <subfield code="d">7207</subfield>
  </datafield>
  <datafield tag="952" ind1=" " ind2=" ">
    <subfield code="0">0</subfield>
    <subfield code="1">0</subfield>
    <subfield code="2">ddc</subfield>
    <subfield code="4">0</subfield>
    <subfield code="6">VEM_SIE_2014_000000000000000_B441_OR_1</subfield>
    <subfield code="7">0</subfield>
    <subfield code="9">42249</subfield>
    <subfield code="a">LBB</subfield>
    <subfield code="b">LBB</subfield>
    <subfield code="c">B441</subfield>
    <subfield code="d">2016-02-29</subfield>
    <subfield code="o">VEM SIE 2014 B441 Or.1</subfield>
    <subfield code="p">RUA053667</subfield>
    <subfield code="r">2016-02-29</subfield>
    <subfield code="w">2016-02-29</subfield>
    <subfield code="y">VEM</subfield>
  </datafield>
  <datafield tag="952" ind1=" " ind2=" ">
    <subfield code="0">0</subfield>
    <subfield code="1">0</subfield>
    <subfield code="2">ddc</subfield>
    <subfield code="4">0</subfield>
    <subfield code="6">VEM_SIE_2014_000000000000000_B441_OR_2</subfield>
    <subfield code="7">0</subfield>
    <subfield code="9">42250</subfield>
    <subfield code="a">LBB</subfield>
    <subfield code="b">LBB</subfield>
    <subfield code="c">B441</subfield>
    <subfield code="d">2016-02-29</subfield>
    <subfield code="o">VEM SIE 2014 B441 Or.2</subfield>
    <subfield code="p">RUA053806</subfield>
    <subfield code="r">2016-02-29</subfield>
    <subfield code="w">2016-02-29</subfield>
    <subfield code="y">VEM</subfield>
  </datafield>
  <datafield tag="952" ind1=" " ind2=" ">
    <subfield code="0">0</subfield>
    <subfield code="1">0</subfield>
    <subfield code="2">ddc</subfield>
    <subfield code="4">0</subfield>
    <subfield code="6">VEM_SIE_2014_000000000000000_B441_OR_3</subfield>
    <subfield code="7">0</subfield>
    <subfield code="9">42251</subfield>
    <subfield code="a">LBB</subfield>
    <subfield code="b">LBB</subfield>
    <subfield code="c">B441</subfield>
    <subfield code="d">2016-02-29</subfield>
    <subfield code="o">VEM SIE 2014 B441 Or.3</subfield>
    <subfield code="p">RUA053789</subfield>
    <subfield code="r">2016-02-29</subfield>
    <subfield code="w">2016-02-29</subfield>
    <subfield code="y">VEM</subfield>
  </datafield>
  <datafield tag="952" ind1=" " ind2=" ">
    <subfield code="0">0</subfield>
    <subfield code="1">0</subfield>
    <subfield code="2">ddc</subfield>
    <subfield code="4">0</subfield>
    <subfield code="6">VEM_SIE_2014_000000000000000_B441_OR_4</subfield>
    <subfield code="7">0</subfield>
    <subfield code="9">42252</subfield>
    <subfield code="a">LBB</subfield>
    <subfield code="b">LBB</subfield>
    <subfield code="c">B441</subfield>
    <subfield code="d">2016-02-29</subfield>
    <subfield code="o">VEM SIE 2014 B441 Or.4</subfield>
    <subfield code="p">RUA053665</subfield>
    <subfield code="r">2016-02-29</subfield>
    <subfield code="w">2016-02-29</subfield>
    <subfield code="y">VEM</subfield>
  </datafield>
  <datafield tag="952" ind1=" " ind2=" ">
    <subfield code="0">0</subfield>
    <subfield code="1">0</subfield>
    <subfield code="2">ddc</subfield>
    <subfield code="4">0</subfield>
    <subfield code="6">VEM_SIE_2014_000000000000000_B441_OR_5</subfield>
    <subfield code="7">0</subfield>
    <subfield code="9">42253</subfield>
    <subfield code="a">LBB</subfield>
    <subfield code="b">LBB</subfield>
    <subfield code="c">B441</subfield>
    <subfield code="d">2016-02-29</subfield>
    <subfield code="o">VEM SIE 2014 B441 Or.5</subfield>
    <subfield code="p">RUA53850</subfield>
    <subfield code="r">2016-02-29</subfield>
    <subfield code="w">2016-02-29</subfield>
    <subfield code="y">VEM</subfield>
  </datafield>
  <datafield tag="952" ind1=" " ind2=" ">
    <subfield code="0">0</subfield>
    <subfield code="1">0</subfield>
    <subfield code="2">ddc</subfield>
    <subfield code="4">0</subfield>
    <subfield code="6">VEM_SIE_2014_000000000000000_B441_OR_6</subfield>
    <subfield code="7">0</subfield>
    <subfield code="9">42254</subfield>
    <subfield code="a">LBB</subfield>
    <subfield code="b">LBB</subfield>
    <subfield code="c">B441</subfield>
    <subfield code="d">2016-02-29</subfield>
    <subfield code="o">VEM SIE 2014 B441 Or.6</subfield>
    <subfield code="p">RUA053788</subfield>
    <subfield code="r">2016-02-29</subfield>
    <subfield code="w">2016-02-29</subfield>
    <subfield code="y">VEM</subfield>
  </datafield>
  <datafield tag="952" ind1=" " ind2=" ">
    <subfield code="0">0</subfield>
    <subfield code="1">0</subfield>
    <subfield code="4">0</subfield>
    <subfield code="6">VEM_SIE_2014_000000000000000_B690_OR_1</subfield>
    <subfield code="7">0</subfield>
    <subfield code="9">87361</subfield>
    <subfield code="a">LBB</subfield>
    <subfield code="b">LBB</subfield>
    <subfield code="c">B690</subfield>
    <subfield code="d">2021-11-10</subfield>
    <subfield code="o">VEM SIE 2014 B690 Or.1</subfield>
    <subfield code="p">a066035</subfield>
    <subfield code="r">2021-11-10</subfield>
    <subfield code="w">2021-11-10</subfield>
    <subfield code="y">VEM</subfield>
  </datafield>
  <datafield tag="952" ind1=" " ind2=" ">
    <subfield code="0">0</subfield>
    <subfield code="1">0</subfield>
    <subfield code="4">0</subfield>
    <subfield code="6">VEM_SIE_2014_000000000000000_B690_OR_1</subfield>
    <subfield code="7">0</subfield>
    <subfield code="9">87368</subfield>
    <subfield code="a">LBB</subfield>
    <subfield code="b">LBB</subfield>
    <subfield code="c">B690</subfield>
    <subfield code="d">2021-11-10</subfield>
    <subfield code="o">VEM SIE 2014 B690 Or.1</subfield>
    <subfield code="p">a066584</subfield>
    <subfield code="r">2021-11-10</subfield>
    <subfield code="w">2021-11-10</subfield>
    <subfield code="y">VEM</subfield>
  </datafield>
</record>
